000 00323nam a22001337a 4500
008 181008b xxu||||| |||| 00| 0 eng d
020 _a9781884585289
041 _aeng
080 _23rd
_a311
100 _a55
101 _aSTA
245 _aMaking Sense of Statistics A Conceptual Overview
_cPyrczak,F
942 _2udc
_cBK
999 _c49038
_d49038